| 000 | 01225nac a22003375a 4500 | ||
|---|---|---|---|
| 999 |
_c2987 _d2987 |
||
| 003 | EG-ScBUE | ||
| 005 | 20201108093812.0 | ||
| 008 | 100919t1949 paua f 000 1 eng d | ||
| 040 |
_aEG-Sb BUE _beng _erda _cEG-Sb BUE _dEG-ScBUE |
||
| 082 | 0 | 4 |
_a823.7 _bAUS _222 |
| 100 | 1 |
_aAusten, Jane, _919416 _eauthor. |
|
| 245 | 1 | 0 |
_aPride and prejudice / _cJane Austen ; edited by W. Somerset Maugham ; Illustrated by Douglas Gorsline. |
| 250 | _aFirst edition. | ||
| 264 | 1 |
_aPhiladelphia ; _aToronto : _bThe John C. Winston, _c1949. |
|
| 300 |
_axix, 326 pages : _billustrations ; _c21 cm |
||
| 336 |
_2rdacontent _atext _btxt |
||
| 337 |
_2rdamedia _aunmediated _bn |
||
| 338 |
_2rdacarrier _avolume _bnc |
||
| 590 | _adoha | ||
| 650 | 7 |
_aSocial classes _vFiction. _2BUEsh _919417 |
|
| 650 | 7 |
_aYoung women _vFiction. _919418 _2BUEsh |
|
| 650 | 7 |
_aCourtship _vFiction. _919419 _2BUEsh |
|
| 650 | 7 |
_aSisters _vFiction. _919420 _2BUEsh |
|
| 651 | 7 |
_aEngland _919421 _2BUEsh |
|
| 653 |
_cAugust2015 _bHHUUEENN |
||
| 655 | 7 |
_aDomestic fiction. _vReading book |
|
| 655 | 7 | _aLove stories. | |
| 700 | 1 |
_aMaugham,Somerset. W _d1812-1870. _eeditor. _919424 |
|
| 700 | 1 |
_aGorsline, Douglas, _eIllustrrator. |
|
| 942 |
_cBB _k813AUS _2ddc |
||